=LDR 00000nam 2200000 4500 =001 INLIS000000000042197 =005 20131008015001 =008 ***********************************ind** =035 ##$$0010-101300000000119 =041 ##$$a ind =082 ##$$a 8x0 =090 ##$$a 8x0, Har s =100 ##$$a Hartoko, Dick =245 ##$$a Saksi Budaya, Oleh Dick Hartoko =260 ##$$a 1975 $b Jakarta =300 ##$$a 82 hlm, 25 cm =650 ##$$a Kesustraan Indonesia =850 ##$$a NBPNMAT